00758nam a2200229 a 450000100060000000300080000600500170001400800410003102000150007203500190008704000320010604100080013808200290014610000280017524500970020326000430030030000250034350400400036865000370040865000450044565000380049034933BD-RjUL20211209052232.0140520s1981 nyu b 001 0 eng d a0312886292 a(BD-RjUL)35027 aDLCcDLCdDLCdBD-RjULbeng aeng00a306.890941219bMEW 19811 aMenefee, Samuel Pyeatt.10aWives for sale :ban ethnographic study of British popular divorce /cSamuel Pyeatt Menefee. aNew York :bSt. Martin's Press,c1981. aix, 336 p. ;c24 cm. aBibliography: p. 320-332. and Index 0aDivorcezGreat BritainxHistory. 0aWomenzGreat BritainxSocial conditions. 0aFamilieszGreat BritainxHistory.